000 01110cam a22003134a 4500
001 8995
003 FISKH
005 20251113101202.0
008 060403s2007 wiu j b 001 0 eng
010 _a 2006044327
020 _a0836872584
_qlib. bdg.
020 _a9780836872583
_q(lib. bdg.)
020 _a9780789429711
040 _aDLC
_cDLC
_dDLC
_beng
050 0 0 _aQH86
_b.T398 2007
082 0 0 _a578.734
_222
100 1 _aTaylor, Barbara,
_d1954-
245 1 0 _aRain forest /
_cby Barbara Taylor.
260 _aMilwaukee:
_bGareth Stevens,
_c2007.
300 _a36 pages :
_bcolor illustrations ; maps ;
_c25 cm
440 0 _aExploring habitats
504 _aIncludes bibliographical references (p. 34) and index.
520 _aExamines the variety of life found in a rain forest, including the flying gecko, poison dart frog, and curly-haired tarantula.
650 0 _aRain forests
_vJuvenile literature.
655 7 _aLiterature.
_2lcgft
_0https://id.loc.gov/authorities/genreForms/gf2014026415
906 _a7
_bcbc
_corignew
_d1
_eocip
_f20
_gy-gencatlg
942 _2ddc
_cBK
_n0
999 _c8995
_d8995